Wszystkie państwa, z którymi Polska toczyła wojnę - Statystyki

Ogólne statystyki
  • Ten quiz został rozwiązany 534 razy
    460 od ostatniego zresetowania
  • Średni wynik to 10 z 13
Statystyki odpowiedzi
Państwo % Poprawnych
Niemcy
99%
Rosja
98%
Szwecja
89%
Czechy
88%
Ukraina
87%
Austria
84%
Litwa
81%
Węgry
80%
Słowacja
79%
Turcja
78%
Mołdawia
43%
Mongolia
43%
Związek Radziecki
38%
Nie znaleziono quizów pasujących do podanych kryteriów
Rozkład punktacji
Procent ludzi z każdym wynikiem
Percentyl według liczby udzielonych odpowiedzi
Twoja historia wyników
Nie rozwiązałeś tego quizu od ostatniego zresetowania